000 00341nam a22001457a 4500
008 221012b ||||| |||| 00| 0 eng d
020 _a1853151114
041 _aeng
080 _a616.9
082 _a616.9 HAR
100 _a16.2
101 _aINFEK
245 _aMANAGEMENT OF URINARY TRACT INFECTIONS
_cHARRISON LLOYD
942 _2udc
_cBK
999 _c58507
_d58507